000 00883cab a2200301 4500
001 ABS50120
008 090401t xxu||||| |||| 00| 0 eng d
035 _a(Sirsi) u74271
041 _aeng
100 _aBowley, B.
245 _aHistoric ceilings
260 _c12(2) Winter 1993/1994, 24-26(3)
350 _a0
490 _aStructural Survey
_v12(2) Winter 1993/1994, 24-26(3)
520 _aA plea to surveyors to recommend the restoration of decorative plaster ceilings. Notes on materials and methods.
650 _aBUILDING CONSERVATION
650 _aCEILINGS
650 _aDECORATIVE PLASTERWORK
650 _aFIBROUS PLASTER CEILINGS
650 _aHISTORY
650 _aPLASTERWORK
650 _aRESTORATION
650 _aSTUCCO CEILINGS
690 _aBUILT ENVIRONMENT-BUILDING MATERIALS
690 _aCONSERVATION
942 _n0
948 _c04/03/1997
999 _c46884
_d46884